000 00275nam a22001337a 4500
008 170822b xxu||||| |||| 00| 0 eng d
020 _a9780078602047
041 _aeng
080 _a51
100 _a38
101 _aMAT
245 _aGEOMETRY
_cHILL,M.G
942 _2udc
_cBK
999 _c24503
_d24503